000 01258nam a2200337 a 4500
001 24646
003 Mx-PuUPA
005 20250616161910.0
008 140415s2012 sp gr 001 0 spa d
020 _a9788430118069
040 _aMx-PuUPA
_bspa
_cMx-PuUPA
_dMx-PuUPA
_erda
041 1 _aspa
_hrus
100 1 _aSolovyov, Vladimir Sergeyevich,
_d1853-1900
_917171
_eautor
240 1 0 _aОправдание добра.
_lEspañol
245 1 3 _aLa justificación del bien :
_bensayo de filosofía moral /
_cVladímir Soloviov ; traducción de José María Vegas
260 _a[s.l.] :
_bCARLOS FERNANDO JEAN SALVATORI,
_c1997
264 1 _aSalamanca, España :
_bEdiciones Sígueme,
_c2012
_c©2011
300 _a589 páginas :
_c24 cm
336 _2rdacontent
_atexto
_btxt
337 _2rdamedia
_asin medio
_bn
338 _2rdacarrier
_avolumen
_bnc
490 0 _aHermeneia ;
_v95
650 7 _2armarc
_aBien y mal
_xAspectos
650 7 _2armarc
_aÉtica
700 1 _aVegas, José María,
_etraductor
765 _aSoloviov, Vladímir
_tОправдание добра
942 _2ddc
_cLI
_h170
_iS6818
999 _c24646
_d24646